|
|
|
|
| LEADER |
00000nam0a2200000 4500 |
| 001 |
278445 |
| 005 |
20231101235119.0 |
| 020 |
|
|
|a RU
|b 86-27104
|
| 035 |
|
|
|a (RuTPU)RU\TPU\book\301722
|
| 090 |
|
|
|a 278445
|
| 100 |
|
|
|a 20141211d1986 m y0rusy5003 ca
|
| 101 |
0 |
|
|a rus
|
| 102 |
|
|
|a RU
|
| 105 |
|
|
|a a j 001zy
|
| 200 |
1 |
|
|a Решение и анализ задач по электротехнике в средних профтехучилищах
|f П. Н. Новиков
|
| 205 |
|
|
|a 2-е изд., перераб. и доп.
|
| 210 |
|
|
|a Москва
|c Высшая школа
|d 1986
|
| 215 |
|
|
|a 160 с.
|c ил.
|d 22 см
|
| 225 |
1 |
|
|a Профессионально-техническое образование
|
| 320 |
|
|
|a Библиогр.: с. 160 (9 назв.)
|
| 606 |
1 |
|
|a Электротехника общая
|2 stltpush
|3 (RuTPU)RU\TPU\subj\20906
|9 45967
|
| 610 |
1 |
|
|a задачи
|
| 610 |
1 |
|
|a решение
|
| 610 |
1 |
|
|a анализ
|
| 610 |
1 |
|
|a электростатика
|
| 610 |
1 |
|
|a электрические цепи
|
| 610 |
1 |
|
|a электромагнетизм
|
| 610 |
1 |
|
|a магнитные цепи
|
| 610 |
1 |
|
|a электрические измерения
|
| 610 |
1 |
|
|a электроизмерительная техника
|
| 610 |
1 |
|
|a трансформаторы
|
| 610 |
1 |
|
|a электрические машины
|
| 610 |
1 |
|
|a учебные пособия
|
| 675 |
|
|
|a 621.3(076.2)
|z rus
|v 4
|
| 700 |
|
1 |
|a Новиков
|b П. Н.
|g Петр Николаевич
|4 070
|
| 801 |
|
0 |
|a RU
|b RuMRKP
|c 19950704
|g psbo
|
| 801 |
|
1 |
|a RU
|b 63413507
|c 20141211
|
| 801 |
|
2 |
|a RU
|b 63413507
|c 20170411
|g RCR
|
| 942 |
|
|
|c BK
|